00310nam a2200133Ia 450000500170000000800410001702000200005804000190007804100120009708200110010910000190012024500270013985000100016620230913120012.0131103s9999 xx 000 0 und d a7101732cRs 195 aLoreto College aEnglish aFbLUD aLudlum, Robert 4aThe Paris optionb A  aLCLIB